Czech Republic UEFA European Championships Players - Statistics

General Stats
  • This quiz has been taken 20 times
  • The average score is 29 of 103
Answer Stats
Nároďák % Correct
Petr Čech
77%
Patrik Schick
69%
Pavel Nedvěd
69%
Tomáš Rosický
69%
Tomáš Souček
69%
Vladimír Coufal
69%
Jan Koller
62%
Karel Poborský
62%
Milan Baroš
62%
Tomáš Ujfaluši
62%
Marek Jankulovski
54%
Vladimír Šmicer
54%
Adam Hložek
46%
Alex Král
46%
Antonín Barák
46%
Lukáš Masopust
46%
Vladimír Darida
46%
Jakub Brabec
38%
Jaroslav Plašil
38%
Matěj Kovář
38%
Patrik Berger
38%
Pavel Kuka
38%
Tomáš Kalas
38%
Tomáš Vaclík
38%
Václav Černý
38%
Daniel Pudil
31%
David Jarolím
31%
Jakub Jankto
31%
Jan Bořil
31%
Jiří Němec
31%
Ladislav Krejčí
31%
Lukáš Provod
31%
Michal Kadlec
31%
Michal Sadílek
31%
Miroslav Kadlec
31%
Petr Kouba
31%
Radek Bejbl
31%
Stanislav Vlček
31%
Theodor Gebre Selassie
31%
Tomáš Chorý
31%
Tomáš Galásek
31%
Tomáš Holeš
31%
Tomáš Necid
31%
Tomáš Pekhart
31%
Tomáš Řepka
31%
Václav Pilař
31%
Vratislav Lokvenc
31%
David Douděra
23%
David Jurásek
23%
David Lafata
23%
Jan Polák
23%
Jan Suchopárek
23%
Jindřich Staněk
23%
Karel Rada
23%
Marek Heinz
23%
Martin Frýdek
23%
Martin Jiránek
23%
Matěj Jurásek
23%
Michael Krmenčík
23%
Milan Škoda
23%
Ondřej Čelůstka
23%
Ondřej Lingr
23%
Pavel Kadeřábek
23%
Pavel Šulc
23%
Petr Gabriel
23%
Petr Ševčík
23%
Radoslav Kováč
23%
Radoslav Látal
23%
Robin Hranáč
23%
Tomáš Hübschman
23%
Tomáš Sivok
23%
Zdeněk Grygera
23%
Daniel Kolář
15%
David Limberský
15%
David Rozehnal
15%
Jan Kuchta
15%
Jaromír Blažek
15%
Libor Sionko
15%
Matěj Vydra
15%
Michal Horňák
15%
Milan Petržela
15%
Mojmír Chytil
15%
Pavel Novotný
15%
Pavel Srníček
15%
Petr Jiráček
15%
René Bolf
15%
Štěpán Vachoušek
15%
Václav Němeček
15%
Václav Svěrkoš
15%
Bořek Dočkal
8%
David Pavelka
8%
František Rajtoral
8%
Jiří Skalák
8%
Marek Matějovský
8%
Pavel Mareš
8%
Radek Drulák
8%
Roman Hubník
8%
Roman Týce
8%
Jan Rezek
0%
Josef Šural
0%
Luboš Kubík
0%
Martin Kotůlek
0%
Milan Fukal
0%
No matching quizzes found
Score Distribution
Percent of People with Each Score
Percentile by Number Answered
Your Score History
You have not taken this quiz